| 000 | 00980cam a2200337 a 4500 | ||
|---|---|---|---|
| 001 | 432816 | ||
| 003 | BD-DhUL | ||
| 005 | 20160529150337.0 | ||
| 008 | 861205s2004 bg b 001 0 eng | ||
| 010 | _a 84901644 | ||
| 020 | _cTk150.00 | ||
| 025 | _aB E 3840 | ||
| 035 | _a(OCoLC)12052249 | ||
| 035 | _a(OCoLC)ocm12052249 | ||
| 035 | _a(CStRLIN)NYCG86-B129213 | ||
| 035 | _a(NNC)432816 | ||
| 040 |
_dCStRLIN _dBD-DhUL _cBD-DhUL |
||
| 043 | _aa-bg--- | ||
| 050 | 0 |
_aDS395.5 _b.F65 1984 |
|
| 082 | 0 |
_a327.1 _219 _bFOR |
|
| 090 |
_aDS395.5 _b.F65 1984 |
||
| 245 | 0 | 0 |
_aForeign policy of Bangladesh : _ba small stateʾs imperative / _cedited by Emajuddin Ahamed. |
| 260 |
_aDhaka, Bangladesh : _bUniversity Press, _cc2004. |
||
| 300 |
_aix, 151 p. ; _c23 cm. |
||
| 365 |
_aTK _b200.00 |
||
| 504 | _aIncludes bibliographical references and index. | ||
| 651 | 0 |
_aBangladesh _xForeign relations. |
|
| 700 | 1 | _aAhmed, Emajuddin. | |
| 900 | _aAUTH | ||
| 942 |
_2ddc _cBK |
||
| 999 |
_c71370 _d71370 |
||